[Event "It"]
[Site "?"]
[Date "1996.10.17"]
[Round "6"]
[White "Svidler Peter"]
[Black "Shirov Alexei D"]
[Result "0-1"]
[WhiteElo "2650"]
[BlackElo "2685"]
[PlyCount "122"]
[EventDate "1996.??.??"]
[Source "www.chesslib.no"]
[SourceDate "2004.05.04"]

1. e4 d5 2. exd5 Nf6 3. d4 Bg4 4. Be2 Bxe2 5. Qxe2 Qxd5 6. Nf3 Nc6 7. Nc3 Qh5 8. Bg5 Nxd4 9. Nxd4 Qxg5 10. h4 Qh5 11. f3 O-O-O 12. O-O-O e6 13. g4 Qa5 14. Nb3 Rxd1+ 15. Rxd1 Qa6 16. Qxa6 bxa6 17. Rd4 Nd7 18. Ra4 Ne5 19. Nd2 Kb7 20. Kd1 Be7 21. h5 g6 22. Re4 Nc6 23. hxg6 hxg6 24. f4 Rh1+ 25. Ke2 f5 26. gxf5 gxf5 27. Rc4 Rh2+ 28. Kd1 e5 29. Nd5 Rh1+ 30. Ke2 Bh4 31. Nb3 Bg3 32. Nc5+ Kc8 33. Nb3 Rh2+ 34. Kd1 exf4 35. Rxc6 f3 36. Rf6 Rh1+ 37. Kd2 f2 38. Rf8+ Kd7 39. Rxf5 f1=Q 40. Rxf1 Rxf1 41. Nb4 Bd6 42. Nd3 Rf5 43. Kc3 Rh5 44. Nd2 Kc6 45. Nc4 Rh4 46. Kb3 Kb5 47. Ne3 Re4 48. Nd5 Rd4 49. Nc3+ Kc6 50. Na4 Kd5 51. Nc3+ Ke6 52. Nd1 c5 53. Ne3 Re4 54. Nc4 Be7 55. Nf2 Rh4 56. Nd3 Bg5 57. Kc3 Kd5 58. b3 Rh2 59. b4 Rh4 60. Ne1 Rh2 61. Nd3 Rh4 0-1

[Event "Corr"]
[Site "?"]
[Date "1998.02.01"]
[Round "?"]
[White "Hamarat Tunc (OST)"]
[Black "Veinger Itzhak"]
[Result "1-0"]
[WhiteElo "2595"]
[BlackElo "2605"]
[PlyCount "49"]
[EventDate "1998.??.??"]
[Source "www.chesslib.no"]
[SourceDate "2004.05.04"]

1. e4 d5 2. exd5 Nf6 3. d4 Nxd5 4. Nf3 g6 5. c4 Nb6 6. Nc3 Bg7 7. c5 Nd5 8. Bc4 c6 9. O-O O-O 10. Bg5 h6 11. Bh4 b6 12. Re1 g5 13. Bg3 Bg4 14. Qd3 bxc5 15. Be5 Nf6 16. d5 cxd5 17. Nxd5 Nc6 18. Bc7 Qd7 19. Nxf6+ exf6 20. Qxd7 Bxd7 21. Rad1 Bg4 22. Bd5 Rac8 23. Bd6 Rfd8 24. Bxc5 Rd7 25. h3 1-0

[Event "Chess Congress - Magistrale"]
[Site "Hastings ING"]
[Date "2008.12.30"]
[Round "3"]
[White "Berg, E."]
[Black "Conquest, S."]
[Result "1/2-1/2"]
[WhiteElo "2623"]
[BlackElo "2526"]
[PlyCount "67"]
[EventDate "2008.12.28"]
[Source "www.chesslib.no"]
[SourceDate "2004.05.04"]

1. e4 d5 2. exd5 Nf6 3. Nf3 Nxd5 4. d4 Bf5 5. Bd3 Bxd3 6. Qxd3 e6 7. O-O c6 8. c4 Nf6 9. Nc3 Be7 10. b3 O-O 11. Bb2 Nbd7 12. Rfe1 Re8 13. Rad1 Qa5 14. d5 cxd5 15. cxd5 exd5 16. Nxd5 Nxd5 17. Qxd5 Qxd5 18. Rxd5 Nf6 19. Rb5 b6 20. Rbe5 Bb4 21. Rxe8+ Nxe8 22. Rc1 Rd8 23. Kf1 Bc5 24. Ke2 f6 25. Bc3 Kf7 26. a4 Rd7 27. Rc2 Nc7 28. Bd4 Ne6 29. Bxc5 Nxc5 30. Rc3 Re7+ 31. Kf1 g6 32. Nd2 Ne4 33. Nxe4 Rxe4 34. f3 1/2-1/2

[Event "Wall Street 5'"]
[Site "New York, NY USA"]
[Date "1993.??.??"]
[Round "1.2"]
[White "Shabalov, Alexander"]
[Black "Dzindzichashvili, Roman"]
[Result "0-1"]
[WhiteElo "2575"]
[BlackElo "2550"]
[PlyCount "74"]
[EventDate "1993.??.??"]
[Source "www.chesslib.no"]
[SourceDate "2004.05.04"]

1. e4 d5 2. exd5 Nf6 3. d4 Nxd5 4. c4 Nb6 5. Nc3 e5 6. Qe2 Be7 7. dxe5 O-O 8. Be3 Be6 9. Rd1 Qc8 10. c5 Nc4 11. Nf3 Nc6 12. Bf4 Bxc5 13. Ng5 Nd4 14. Rxd4 Bxd4 15. Qe4 Bxc3+ 16. bxc3 Bf5 17. Qxc4 h6 18. Nf3 Rd8 19. Be2 Qe6 20. Qa4 Bd3 21. Nd4 Qg6 22. Bf3 c5 23. Nb3 b6 24. h4 Rac8 25. h5 Qf5 26. g4 Qe6 27. Nd2 Bh7 28. O-O Rd3 29. Be3 Rxc3 30. Ne4 Rc4 31. Qa6 Bxe4 32. Be2 Rc2 33. Bd1 Rb2 34. Qxa7 Rd8 35. Qa4 Bc6 36. Qf4 Qd5 37. f3 Qxa2 0-1

[Event "Corr"]
[Site "?"]
[Date "1998.03.01"]
[Round "?"]
[White "Maliangkay Ruud (NLD)"]
[Black "Ruefenacht Matthias (SWZ)"]
[Result "1/2-1/2"]
[WhiteElo "2612"]
[BlackElo "2512"]
[PlyCount "61"]
[EventDate "1998.??.??"]
[Source "www.chesslib.no"]
[SourceDate "2004.05.04"]

1. e4 d5 2. exd5 Nf6 3. Nf3 Qxd5 4. Nc3 Qa5 5. d4 c6 6. Bc4 Bf5 7. Bd2 e6 8. Nd5 Qd8 9. Nxf6+ gxf6 10. c3 Nd7 11. Qe2 Qc7 12. Nh4 Bg6 13. f4 f5 14. g4 Be7 15. g5 Bd6 16. Ng2 Nb6 17. Bb3 h6 18. Nh4 Nd5 19. O-O-O Nxf4 20. Bxf4 Bxf4+ 21. Kb1 Rg8 22. gxh6 Qe7 23. Nxg6 Rxg6 24. h7 O-O-O 25. d5 cxd5 26. Rxd5 Bd6 27. Rd4 Rh6 28. Rhd1 Rxh7 29. Qc4+ Kb8 30. Qd3 Kc7 31. Qc4+ 1/2-1/2

[Event "Elbow Beach Club GM-A"]
[Site "Paget Parish"]
[Date "2001.01.30"]
[Round "10"]
[White "Macieja, Bartlomiej"]
[Black "Gershon, Alik"]
[Result "1-0"]
[WhiteElo "2578"]
[BlackElo "2540"]
[PlyCount "120"]
[EventDate "2001.01.20"]
[Source "ChessBase"]
[SourceDate "2001.03.20"]

1. e4 d5 2. exd5 Nf6 3. Nf3 Bg4 4. Bb5+ Nbd7 5. h3 Bh5 6. Nc3 a6 7. Be2 Nb6 8. d4 Nfxd5 9. Nxd5 Qxd5 10. O-O e6 11. b3 Be7 12. c4 Qd8 13. Be3 O-O 14. Ne5 Bxe2 15. Qxe2 Bf6 16. Rad1 Qe7 17. Qf3 Rab8 18. Nd3 Bg5 19. Bxg5 Qxg5 20. Nc5 c6 21. Rd3 Rfd8 22. Rfd1 Nd7 23. Ne4 Qe7 24. R1d2 Nf6 25. Nxf6+ Qxf6 26. Qxf6 gxf6 27. d5 cxd5 28. cxd5 e5 29. d6 Rd7 30. Rd5 Rc8 31. f4 Rc6 32. Kf2 Kg7 33. Kf3 Rb6 34. fxe5 fxe5 35. Ke4 f6 36. Kf5 Kf7 37. Rc2 Rbxd6 38. Rxd6 Rxd6 39. Rc7+ Kg8 40. Rxb7 Rd2 41. Kxf6 Rf2+ 42. Kxe5 Re2+ 43. Kd4 Rxa2 44. Ra7 Rb2 45. Kc4 Rc2+ 46. Kb4 Rxg2 47. Rxa6 Rg3 48. h4 Rh3 49. Rc6 Rxh4+ 50. Kc5 Rh5+ 51. Kb6 Rh1 52. b4 Kg7 53. b5 Rb1 54. Rc5 Rf1 55. Kc7 Rf7+ 56. Kb8 Rf8+ 57. Ka7 Rf7+ 58. Ka6 Kg6 59. b6 h5 60. b7 Rf6+ 1-0

[Event "Corr"]
[Site "?"]
[Date "1998.02.01"]
[Round "?"]
[White "Vukcevic Borislav"]
[Black "Veinger Itzhak"]
[Result "1-0"]
[WhiteElo "2510"]
[BlackElo "2605"]
[PlyCount "37"]
[EventDate "1998.??.??"]
[Source "www.chesslib.no"]
[SourceDate "2004.05.04"]

1. e4 d5 2. exd5 Nf6 3. Nf3 Nxd5 4. d4 g6 5. Be2 Bg7 6. O-O O-O 7. Re1 Nc6 8. c3 Re8 9. Bb5 Bd7 10. Na3 a6 11. Bxc6 Bxc6 12. Ne5 Bd7 13. Nxd7 Qxd7 14. Nc4 Rad8 15. Qf3 f6 16. h3 b5 17. Na5 c6 18. Nb3 e5 19. dxe5 1-0

[Event "Moscow ol (Men)"]
[Site "Moscow"]
[Date "1994.??.??"]
[Round "8"]
[White "Romanishin, Oleg M"]
[Black "Comas Fabrego, Luis"]
[Result "1-0"]
[WhiteElo "2605"]
[BlackElo "2500"]
[PlyCount "49"]
[EventDate "1994.11.??"]
[Source "ChessBase"]

1. e4 d5 2. exd5 Nf6 3. d4 Nxd5 4. Be2 g6 5. Nf3 Bg7 6. O-O O-O 7. Re1 Bf5 8. c3 Nc6 9. Na3 a6 10. Nc4 Rc8 11. a4 h6 12. a5 Rb8 13. h3 Qc8 14. Bf1 Rd8 15. Bd2 Nf6 16. Qc1 Kh7 17. Bf4 Nd5 18. Bg3 Kg8 19. Nfe5 Nxe5 20. Bxe5 f6 21. Bh2 h5 22. Ne3 Nxe3 23. Qxe3 Re8 24. Bc4+ Kf8 25. d5 1-0

[Event "MTO"]
[Site "Biel"]
[Date "2003.07.28"]
[Round "7"]
[White "Sedlak, Nikola"]
[Black "Adianto, Utut"]
[Result "1-0"]
[WhiteElo "2528"]
[BlackElo "2573"]
[PlyCount "55"]
[EventDate "2003.07.19"]
[Source "Roberto Alvarez"]
[SourceDate "2003.07.28"]

1. e4 d5 2. exd5 Nf6 3. Bb5+ Bd7 4. Be2 Nxd5 5. d4 g6 6. c4 Nf6 7. Nc3 Bg7 8. h3 O-O 9. Nf3 Bf5 10. g4 Bc8 11. Be3 Ne8 12. Qd2 a6 13. Bh6 b5 14. Bxg7 Kxg7 15. O-O-O Nd6 16. h4 Nxc4 17. Bxc4 bxc4 18. h5 Rh8 19. Rh4 Nd7 20. hxg6 fxg6 21. d5 Qf8 22. Qe3 Nf6 23. g5 Ne8 24. Re4 Nd6 25. Rxe7+ Kg8 26. Nd4 Nf5 27. Nxf5 Bxf5 28. d6 1-0

[Event "Harplinge"]
[Site "Harplinge"]
[Date "1998.08.23"]
[Round "9"]
[White "Schmaltz, Roland"]
[Black "Sutovsky, Emil"]
[Result "0-1"]
[WhiteElo "2520"]
[BlackElo "2575"]
[PlyCount "78"]
[EventDate "1998.08.15"]
[Source "ChessBase"]
[SourceDate "1998.11.30"]

1. e4 d5 2. exd5 Nf6 3. d4 Qxd5 4. Nc3 Qa5 5. g3 Bg4 6. Nf3 Nc6 7. h3 Bxf3 8. Qxf3 O-O-O 9. Bg2 Qa6 10. Ne2 Nxd4 11. Nxd4 Rxd4 12. Be3 Rd6 13. c4 Qa5+ 14. Kf1 c6 15. Kg1 h5 16. a3 Qe5 17. Rb1 Rd3 18. Qe2 Rb3 19. Bf3 h4 20. g4 e6 21. Kg2 Bd6 22. Bxa7 Rd8 23. Qc2 Rxf3 24. Kxf3 Nxg4 25. hxg4 Qf4+ 26. Ke2 Qxg4+ 27. f3 Qg2+ 28. Bf2 Bg3 29. Rhf1 h3 30. Qa4 h2 31. Qa8+ Bb8 32. Qa4 Bg3 33. Qa8+ Bb8 34. Qa4 Rh8 35. Rh1 Rh3 36. Qb3 Ba7 37. Rbf1 Bxf2 38. Rxf2 Qxh1 39. Qa4 Rh5 0-1

[Event "Israel"]
[Site "?"]
[Date "2000.??.??"]
[Round "?"]
[White "Psakhis, L."]
[Black "Manor, I."]
[Result "1-0"]
[WhiteElo "2595"]
[BlackElo "2500"]
[PlyCount "64"]
[EventDate "2000.??.??"]
[Source "Chess Informant"]
[SourceDate "2000.02.01"]

1. e4 d5 2. exd5 Nf6 3. Nf3 Nxd5 4. d4 g6 5. c4 Nb6 6. h3 Bg7 7. Nc3 O-O 8. Be3 Nc6 9. Be2 e5 10. d5 Ne7 11. g4 Re8 12. Qb3 Nd7 13. c5 b6 14. Ng5 Rf8 15. c6 Nc5 16. Bxc5 bxc5 17. Nge4 Kh8 18. O-O-O f5 19. gxf5 gxf5 20. Nxc5 e4 21. Ne6 Bxe6 22. dxe6 Qe8 23. Rd7 Rb8 24. Qc4 Qg6 25. Kb1 Qf6 26. Rc1 Rfc8 27. Qc5 Ng6 28. e7 Ne5 29. Ba6 Nxd7 30. cxd7 Qxa6 31. dxc8=Q+ Rxc8 32. Qxf5 Qd3+ 1-0

[Event "ESP Team Ch"]
[Site "Oropesa del Mar ESP"]
[Date "1996.??.??"]
[Round "3"]
[White "Campora, Daniel H"]
[Black "Spraggett, Kevin B"]
[Result "1/2-1/2"]
[WhiteElo "2540"]
[BlackElo "2545"]
[PlyCount "94"]
[EventDate "1996.??.??"]
[Source "www.chesslib.no"]
[SourceDate "2004.05.04"]

1. e4 d5 2. exd5 Nf6 3. d4 Bg4 4. Be2 Bxe2 5. Qxe2 Qxd5 6. Nf3 e6 7. O-O Nc6 8. Rd1 O-O-O 9. Nc3 Qh5 10. Bf4 Bd6 11. Bxd6 Rxd6 12. Rd2 Rhd8 13. Rad1 a6 14. h3 g5 15. Qe3 h6 16. Ne5 Nxe5 17. Qxe5 Qg6 18. Rd3 Nd5 19. Nxd5 Rxd5 20. Qe3 Kb8 21. c4 R5d7 22. Qe5 Rd6 23. a4 f6 24. Qe2 e5 25. d5 c6 26. a5 cxd5 27. c5 R6d7 28. Rb3 Rc8 29. Rb6 Rxc5 30. b4 Qc2 31. Rd2 Qb1+ 32. Kh2 Rc1 33. Rxf6 Rh7 34. Kg3 Re1 35. Qg4 Rc7 36. Rxd5 Qb3+ 37. Qf3 Qxb4 38. Rd8+ Ka7 39. Qg4 Qxa5 40. Rff8 Qa3+ 41. Kh2 Rcc1 42. Ra8+ Kb6 43. Qe6+ Rc6 44. Qd5 Rd6 45. Qc4 Rc6 46. Qd5 Rd6 47. Qc4 Rc6 1/2-1/2

[Event "Santo Domingo 87/53"]
[Site "?"]
[Date "2002.??.??"]
[Round "?"]
[White "Glek, I."]
[Black "Galego, L."]
[Result "1-0"]
[WhiteElo "2576"]
[BlackElo "2506"]
[PlyCount "73"]
[EventDate "2002.??.??"]
[Source "Chess Informant"]
[SourceDate "2003.02.01"]

1. e4 d5 2. exd5 Nf6 3. Nf3 Qxd5 4. Nc3 Qd6 5. d4 Bg4 6. h3 Bxf3 7. Qxf3 Nc6 8. Be3 O-O-O 9. O-O-O e6 10. a3 Nd5 11. Ne4 Qd7 12. c4 Nxe3 13. fxe3 f5 14. Nc3 g6 15. c5 Ne7 16. Bc4 Nd5 17. Rhe1 Bh6 18. Kb1 Rhe8 19. e4 Nxc3+ 20. Qxc3 Bg7 21. Qb3 f4 22. d5 c6 23. dxc6 Qxc6 24. Rxd8+ Rxd8 25. Bxe6+ Kb8 26. Bd5 Qc7 27. e5 Re8 28. e6 Re7 29. Re4 f3 30. Bxb7 a5 31. Bd5+ Ka7 32. gxf3 Qxc5 33. Rc4 Qb6 34. Qc2 Be5 35. Rc8 Bb8 36. Rc6 Qb5 37. Qf2+ 1-0

[Event "XI Festival"]
[Site "Voronezh RUS"]
[Date "2007.06.20"]
[Round "8"]
[White "Kabanov, N."]
[Black "Savchenko, B."]
[Result "0-1"]
[WhiteElo "2499"]
[BlackElo "2583"]
[PlyCount "82"]
[EventDate "2007.06.12"]
[Source "www.chesslib.no"]
[SourceDate "2004.05.04"]

1. e4 d5 2. exd5 Nf6 3. Nf3 Nxd5 4. d4 g6 5. c4 Nb6 6. c5 Nd5 7. Qb3 Bg7 8. Bc4 c6 9. Nc3 O-O 10. O-O Nxc3 11. bxc3 b5 12. cxb6 axb6 13. Ng5 e6 14. Re1 Ra5 15. Nf3 Ba6 16. Bxa6 Rxa6 17. Ne5 Re8 18. Bb2 Qc7 19. c4 Nd7 20. Nd3 Rb8 21. Nb4 Raa8 22. d5 Nc5 23. Qc2 cxd5 24. Bxg7 Kxg7 25. cxd5 Rd8 26. Qb2+ Kg8 27. Rad1 Rd7 28. Nc6 Ne4 29. Nb4 Qc3 30. Qxc3 Nxc3 31. Rd2 Ra4 32. Nc6 Nxd5 33. g3 Rc7 34. Ne5 Rca7 35. Ree2 Nc3 36. Rd8+ Kg7 37. Rc2 Nd5 38. Rcc8 Kf6 39. f4 Ra8 40. Ng4+ Kf5 41. Nh6+ Ke4 0-1

[Event "Elgoibar"]
[Site "Elgoibar"]
[Date "1998.11.26"]
[Round "6"]
[White "Korneev, Oleg"]
[Black "Fernandes, Antonio"]
[Result "1-0"]
[WhiteElo "2600"]
[BlackElo "2480"]
[PlyCount "38"]
[EventDate "1998.11.11"]
[Source "ChessBase"]
[SourceDate "1999.04.01"]

1. e4 d5 2. exd5 Nf6 3. d4 Bg4 4. Nf3 Qxd5 5. Be2 Nc6 6. Be3 O-O-O 7. Nbd2 Qh5 8. h3 e5 9. O-O Kb8 10. Re1 Bd6 11. d5 Ne7 12. c4 Nf5 13. hxg4 Nxg4 14. Ne4 Nfxe3 15. fxe3 Qh6 16. Bd3 f5 17. Nxd6 Rxd6 18. Bxf5 Nxe3 19. Qd3 Nxf5 1-0

[Event "World Cup VII Final"]
[Site "Cork World Cup VII Final"]
[Date "1994.??.??"]
[Round "?"]
[White "Rausis, Igors"]
[Black "Veinger, Itzhak"]
[Result "1/2-1/2"]
[WhiteElo "2495"]
[BlackElo "2585"]
[PlyCount "101"]
[EventDate "1994.??.??"]
[Source "www.chesslib.no"]
[SourceDate "2004.05.04"]

1. e4 d5 2. exd5 Nf6 3. d4 Nxd5 4. Nf3 g6 5. Be2 Bg7 6. O-O O-O 7. c4 Nb6 8. Nc3 Bg4 9. h3 Bxf3 10. Bxf3 Nc6 11. c5 Nd7 12. d5 Nce5 13. Be3 Nc4 14. Qc1 Nde5 15. Be2 Nxe3 16. Qxe3 f5 17. f4 Nf7 18. Rad1 b6 19. Na4 Qd7 20. b3 Bf6 21. Ba6 Rad8 22. Bb7 Qb5 23. Bc6 Qa5 24. Rd3 Qb4 25. Rc1 Rb8 26. Kh2 Rfd8 27. Rc4 Qa3 28. Rc2 Qb4 29. Rdd2 Kh8 30. Re2 Rg8 31. Rc4 Qa5 32. b4 Qa6 33. Rcc2 g5 34. Qb3 Rg7 35. b5 Qa5 36. fxg5 Rxg5 37. d6 cxd6 38. Nb2 Ne5 39. cxd6 exd6 40. Qe6 Rg6 41. Be8 Rh6 42. Rc8 Rxc8 43. Qxc8 Ng4+ 44. Kh1 Qc3 45. Bd7+ Qxc8 46. Bxc8 Bxb2 47. Bxf5 Rh5 48. Bxg4 Rxb5 49. Bd7 Rb4 50. Re8+ Kg7 51. Re7+ 1/2-1/2

[Event "Corr"]
[Site "corr"]
[Date "1992.??.??"]
[Round "?"]
[White "Hamarat, Tunc"]
[Black "Davies, Gordon H"]
[Result "1-0"]
[WhiteElo "2590"]
[BlackElo "2485"]
[PlyCount "91"]
[EventDate "1992.??.??"]
[Source "www.chesslib.no"]
[SourceDate "2004.05.04"]

1. e4 d5 2. exd5 Nf6 3. d4 Nxd5 4. c4 Nb6 5. Nf3 g6 6. Be2 Bg7 7. Nc3 O-O 8. O-O Bg4 9. h3 Bxf3 10. Bxf3 Nc6 11. c5 Nd7 12. Be3 e5 13. Bxc6 bxc6 14. dxe5 Nxe5 15. Qa4 Qe7 16. Bd4 Rfe8 17. Rad1 Qe6 18. f4 Nc4 19. Bxg7 Nxb2 20. Qd4 Nxd1 21. Nxd1 Rad8 22. Qc3 f5 23. Be5 Qxa2 24. Ne3 Qe2 25. Nxf5 gxf5 26. Qg3+ Kf7 27. Re1 Rxe5 28. fxe5 Rd3 29. Qh4 Rd1 30. Qxh7+ Ke8 31. Qh8+ Ke7 32. Qf6+ Ke8 33. Qxc6+ Kd8 34. Qf6+ Ke8 35. Qg6+ Ke7 36. Qg5+ Ke8 37. Rxd1 Qxd1+ 38. Kh2 Qd7 39. Qg6+ Qf7 40. Qa6 Qd7 41. Qxa7 Ke7 42. Qa6 c6 43. Qc4 Kf8 44. Qf4 Ke8 45. Qh6 Qd5 46. Qg6+ 1-0

[Event "ENG-CHN"]
[Site "London"]
[Date "1997.??.??"]
[Round "1"]
[White "Wang Zili"]
[Black "Arkell, Keith C"]
[Result "1-0"]
[WhiteElo "2530"]
[BlackElo "2545"]
[PlyCount "101"]
[EventDate "1997.04.??"]
[Source "ChessBase"]
[SourceDate "1997.08.01"]

1. e4 d5 2. exd5 Nf6 3. Nf3 Nxd5 4. d4 Bf5 5. Be2 e6 6. O-O Be7 7. a3 O-O 8. c4 Nf6 9. Nc3 c6 10. Nh4 Bg6 11. Be3 Na6 12. Nxg6 hxg6 13. Bf3 Nc7 14. Qb3 Qc8 15. Rac1 Rd8 16. Rfd1 Qb8 17. g3 a5 18. Na4 Bd6 19. c5 Be7 20. Bf4 g5 21. Bxg5 Nfd5 22. Bxe7 Nxe7 23. Nb6 Ra7 24. Be4 Ncd5 25. Nc4 Nf6 26. Bb1 Rd5 27. Ne5 Qc7 28. Qf3 Ra8 29. Qf4 Rdd8 30. g4 Ned5 31. Qf3 Qe7 32. Kh1 g6 33. Qg3 Kg7 34. f4 Rh8 35. Rf1 Rag8 36. Rce1 Kf8 37. Nf3 Rh6 38. g5 Nh5 39. Qg4 Rh7 40. Ne5 Kg7 41. Nxg6 fxg6 42. Rxe6 Ng3+ 43. Kg1 Nxf1 44. Rxe7+ Nxe7 45. Qe6 Kf8 46. Kxf1 Rxh2 47. Ba2 Ke8 48. Qd6 Rg7 49. Qb8+ Kd7 50. Qxb7+ Kd8 51. Be6 1-0

[Event "US-op"]
[Site "Los Angeles US-op"]
[Date "1991.??.??"]
[Round "?"]
[White "Browne, Walter S"]
[Black "Dzindzichashvili, Roman"]
[Result "0-1"]
[WhiteElo "2520"]
[BlackElo "2555"]
[PlyCount "79"]
[EventDate "1991.??.??"]
[Source "www.chesslib.no"]
[SourceDate "2004.05.04"]

1. e4 d5 2. exd5 Nf6 3. Bb5+ Bd7 4. Be2 Nxd5 5. d4 Bf5 6. Nf3 e6 7. O-O Be7 8. a3 O-O 9. c4 Nb6 10. Nc3 Bg4 11. Ne5 Bxe2 12. Qxe2 Qxd4 13. Rd1 Qh4 14. Nb5 Nc6 15. Nxc6 bxc6 16. Rd4 Qf6 17. Rf4 Qg6 18. Rg4 Qf5 19. Nd4 Qc5 20. Be3 Qd6 21. c5 Qd5 22. Nf3 Nc8 23. Rd1 Qh5 24. h3 Bf6 25. Bg5 Bxg5 26. Rxg5 Qh6 27. Rd7 Qf6 28. Qe5 Kh8 29. Rxc7 a5 30. Rg4 a4 31. Rf4 Qg6 32. Qc3 Ra7 33. Rfxf7 Qxf7 34. Rxf7 Raxf7 35. Ng5 Rxf2 36. Nxe6 Rf1+ 37. Kh2 Rg8 38. Qd3 Rf6 39. Ng5 g6 40. Qd4 0-1

[Event "It Open"]
[Site "Corfu GRE"]
[Date "1992.??.??"]
[Round "?"]
[White "Kotronias, Vasilios"]
[Black "Rechlis, Gad"]
[Result "1/2-1/2"]
[WhiteElo "2560"]
[BlackElo "2515"]
[PlyCount "61"]
[EventDate "1992.??.??"]
[Source "www.chesslib.no"]
[SourceDate "2004.05.04"]

1. e4 d5 2. exd5 Nf6 3. d4 Nxd5 4. Nf3 g6 5. Be2 Bg7 6. O-O O-O 7. c4 Nb6 8. Nc3 Bg4 9. c5 N6d7 10. Be3 c6 11. Qb3 Qc7 12. d5 Nf6 13. d6 exd6 14. Bf4 Be6 15. Qa3 Re8 16. Bxd6 Qd8 17. Nd4 Bd5 18. Rad1 Nbd7 19. Nxd5 Nxd5 20. Bf3 N7f6 21. b4 a6 22. Qd3 Bf8 23. Bg3 Qd7 24. Nb3 Rad8 25. Na5 Qc8 26. Qc4 Re6 27. Nb3 Rde8 28. Nd4 R6e7 29. Bh4 Re5 30. Bg3 R5e7 31. Bh4 1/2-1/2

[Event "Bermuda BER"]
[Site "Bermuda BER"]
[Date "1996.??.??"]
[Round "?"]
[White "De Firmian, Nick E"]
[Black "Vescovi, Giovanni P"]
[Result "1/2-1/2"]
[WhiteElo "2595"]
[BlackElo "2475"]
[PlyCount "36"]
[EventDate "1996.??.??"]
[Source "www.chesslib.no"]
[SourceDate "2004.05.04"]

1. e4 d5 2. exd5 Nf6 3. d4 Bg4 4. f3 Bf5 5. c4 e6 6. dxe6 Nc6 7. Be3 Bb4+ 8. Nc3 Qe7 9. Bd3 Bxe6 10. Kf2 O-O-O 11. Nge2 Rhe8 12. Qc1 Bc5 13. Re1 Nxd4 14. Nxd4 Bxd4 15. Bxd4 Rxd4 16. Qe3 Red8 17. Rad1 Qd7 18. Be2 c6 1/2-1/2

[Event "It (Open) Bad Zwesten GER"]
[Site "?"]
[Date "2006.01.04"]
[Round "4"]
[White "Mainka Romuald"]
[Black "Graf Alexander"]
[Result "1/2-1/2"]
[WhiteElo "2457"]
[BlackElo "2613"]
[PlyCount "103"]
[EventDate "2006.??.??"]
[Source "www.chesslib.no"]
[SourceDate "2004.05.04"]

1. e4 d5 2. exd5 Nf6 3. Bb5+ Bd7 4. Be2 Nxd5 5. d4 Bf5 6. Nf3 e6 7. O-O Nd7 8. a3 c6 9. c4 N5f6 10. Nc3 Bd6 11. Bg5 h6 12. Bh4 O-O 13. Re1 Re8 14. Bd3 Bxd3 15. Qxd3 Nf8 16. Ne4 Be7 17. Bxf6 Bxf6 18. Rad1 Be7 19. Ne5 Qc7 20. Qh3 Rad8 21. Qh5 Bd6 22. c5 Bxe5 23. dxe5 Rxd1 24. Rxd1 Ng6 25. Nd6 Rd8 26. Qe2 b6 27. cxb6 axb6 28. g3 Qa7 29. Kg2 Qa4 30. f4 Ne7 31. Rd2 c5 32. Qh5 Rf8 33. Qf3 Nc6 34. b3 Qa8 35. Nb5 Na5 36. Qxa8 Rxa8 37. Rd6 Nxb3 38. Rxb6 Nd2 39. Rc6 Ra5 40. Rxc5 Kh7 41. Rc2 Nb1 42. Nd6 Nxa3 43. Rc7 Nb5 44. Nxb5 Rxb5 45. Rxf7 Kg8 46. Re7 Rb6 47. Kh3 Kf8 48. Ra7 Rb2 49. g4 Re2 50. Kg3 g5 51. Rh7 gxf4+ 52. Kxf4 1/2-1/2

[Event "Sarkisov mem"]
[Site "Krasnodar"]
[Date "1999.??.??"]
[Round "4.3"]
[White "Tseshkovsky, Vitaly"]
[Black "Beshukov, Sergei"]
[Result "1-0"]
[WhiteElo "2556"]
[BlackElo "2511"]
[PlyCount "53"]
[EventDate "1999.??.??"]
[Source "ChessBase"]
[SourceDate "2000.04.05"]

1. e4 d5 2. exd5 Nf6 3. d4 Bg4 4. Nf3 Qxd5 5. Nc3 Qh5 6. Bf4 Bxf3 7. gxf3 c6 8. Qe2 Nbd7 9. O-O-O O-O-O 10. d5 Nxd5 11. Nxd5 cxd5 12. Qe3 Nb8 13. Rg1 d4 14. Rxd4 Rxd4 15. Qxd4 Nc6 16. Qe4 h6 17. Ba6 Qc5 18. Be3 Qd6 19. Rd1 Qc7 20. Bf4 e5 21. Qf5+ Kb8 22. Rd7 exf4 23. Rxc7 Kxc7 24. Qxf7+ Be7 25. Bb5 Kd6 26. Qxg7 Rf8 27. Bxc6 1-0

[Event "Corr"]
[Site "?"]
[Date "1999.??.??"]
[Round "3"]
[White "Copie Jose Antonio"]
[Black "Pecot Laurent"]
[Result "1/2-1/2"]
[WhiteElo "2553"]
[BlackElo "2512"]
[PlyCount "108"]
[EventDate "1999.??.??"]
[Source "www.chesslib.no"]
[SourceDate "2004.05.04"]

1. e4 d5 2. exd5 Nf6 3. d4 Nxd5 4. Nf3 g6 5. Be2 Bg7 6. O-O O-O 7. Re1 Nc6 8. h3 Bf5 9. c3 a6 10. Na3 b5 11. Nc2 Na5 12. Ne3 Be6 13. Ng4 Bxg4 14. hxg4 e6 15. Bg5 Qd6 16. Bh4 Rfc8 17. Bg3 Qb6 18. Ne5 Rd8 19. Bf3 Nc4 20. Nd3 c6 21. Qc2 Bf8 22. Rad1 a5 23. Qc1 a4 24. Re2 Ra7 25. g5 Be7 26. Ne5 Nxe5 27. Bxe5 Rc8 28. Bxd5 cxd5 29. a3 b4 30. axb4 Bxb4 31. Qf4 Be7 32. Re3 Qxb2 33. Rh3 f6 34. gxf6 Bf8 35. Qg4 Rf7 36. Qxe6 Qb7 37. f4 a3 38. Qg4 Qd7 39. Qf3 Rd8 40. Qe2 Qe6 41. Qa2 Rb7 42. Rd2 Rdd7 43. Rf3 Qf7 44. Rf1 Rb6 45. Ra1 Rdb7 46. Qc2 Rb2 47. Qd3 Rxd2 48. Qxd2 Qd7 49. Qd3 Kf7 50. Qf3 Rb5 51. Kh2 Qc8 52. Qd3 Rb2 53. Qf3 Rb5 54. Qd3 Rb2 1/2-1/2

[Event "Vladimir Kontic mem"]
[Site "?"]
[Date "2000.05.??"]
[Round "?"]
[White "Nevednichy Vladislav"]
[Black "Vukovic Zdravko"]
[Result "0-1"]
[WhiteElo "2589"]
[BlackElo "2475"]
[PlyCount "60"]
[EventDate "2000.??.??"]
[Source "www.chesslib.no"]
[SourceDate "2004.05.04"]

1. e4 d5 2. exd5 Nf6 3. d4 Bg4 4. Nf3 Qxd5 5. Be2 Nc6 6. c4 Qh5 7. d5 O-O-O 8. Bd2 Ne5 9. Nxe5 Qxe5 10. f3 Bd7 11. Bc3 Qg5 12. Qd4 b6 13. g3 e6 14. f4 Qf5 15. Bd3 Qh3 16. Bf1 Qh6 17. b4 c5 18. Qd3 Qg6 19. bxc5 Bxc5 20. Nd2 exd5 21. cxd5 Qxd3 22. Bxd3 Nxd5 23. Bxg7 Rhe8+ 24. Be5 Nb4 25. Be4 f5 26. Bf3 Nc2+ 27. Kf1 Nxa1 28. Kg2 Bc6 29. Bxc6 Rxd2+ 30. Kh3 Re6 0-1

[Event "Tel_Aviv"]
[Site "?"]
[Date "1992.??.??"]
[Round "?"]
[White "Smirin, I."]
[Black "Rechlis, G."]
[Result "1-0"]
[WhiteElo "2545"]
[BlackElo "2515"]
[PlyCount "73"]
[EventDate "1992.??.??"]
[Source "ChessBase"]
[SourceDate "1992.02.01"]

1. e4 d5 2. exd5 Nf6 3. d4 Nxd5 4. c4 Nb6 5. Nf3 g6 6. Nc3 Bg7 7. h3 O-O 8. Be3 Nc6 9. Qd2 Re8 10. O-O-O e5 11. d5 Na5 12. b3 e4 13. Nd4 c5 14. dxc6 bxc6 15. c5 Nd7 16. b4 Nb7 17. Nxc6 Qf6 18. Bd4 Qxc6 19. Bxg7 Kxg7 20. Bb5 Qe6 21. Bxd7 e3 22. fxe3 Bxd7 23. Qxd7 Qxe3+ 24. Kc2 a5 25. Qxb7 Qf2+ 26. Rd2 Qf5+ 27. Kd1 Rad8 28. Qf3 Qg5 29. Nd5 Qe5 30. Kc2 axb4 31. Rhd1 Ra8 32. Nxb4 Rec8 33. Rd5 Qe7 34. Qc3+ Kg8 35. a3 Qe4+ 36. Kb2 Qxg2+ 37. R1d2 1-0

[Event "SLO-chT"]
[Site "Ljubljana"]
[Date "1997.??.??"]
[Round "?"]
[White "Sveshnikov, Evgeny"]
[Black "Cebalo, Miso"]
[Result "1/2-1/2"]
[WhiteElo "2570"]
[BlackElo "2485"]
[PlyCount "60"]
[EventDate "1997.07.??"]
[Source "ChessBase"]
[SourceDate "1998.03.09"]

1. e4 d5 2. exd5 Nf6 3. d4 Bg4 4. f3 Bf5 5. Bb5+ Nbd7 6. c4 e6 7. dxe6 Bxe6 8. d5 Bf5 9. Nc3 Bc5 10. Qe2+ Kf8 11. Be3 Qe7 12. Bxd7 Nxd7 13. Bxc5 Qxc5 14. Ne4 Qb4+ 15. Qd2 a5 16. Ne2 Bxe4 17. fxe4 Nc5 18. Qxb4 axb4 19. O-O Re8 20. a3 b3 21. Rf4 f6 22. Nd4 Kf7 23. Rd1 g5 24. Rf3 Rxe4 25. Nxb3 Nxb3 26. Rxb3 Rxc4 27. Rxb7 Rd8 28. Rd2 Ke7 29. b4 Kd6 30. a4 Re8 1/2-1/2